|
|
|
|
| LEADER |
00000nab a2200000 a 4500 |
| 001 |
vtls000781806 |
| 003 |
SK-MaSNL |
| 005 |
20260304132205.0 |
| 008 |
250429c2001 xo 0 slo |
| 015 |
|
|
|a SNBRB2002/02-04161
|
| 035 |
|
|
|a CLN000133532
|
| 035 |
|
|
|a urn:nbn:sk:snk-ab349t
|
| 035 |
|
|
|a (urnnbn)urn:nbn:sk:snk:ar-a05us2
|
| 035 |
|
|
|a (uuid)dd5f0f60-b2aa-4070-a5cd-9bd6009ce4d3
|
| 040 |
|
|
|a SNKBUCL
|b slo
|c SNKBUCL
|e AACR2
|
| 041 |
0 |
|
|a slo
|
| 044 |
|
|
|a xo
|c SK
|
| 080 |
|
|
|a 615.256
|2 1997
|
| 080 |
|
|
|a 615.35
|2 1997
|
| 100 |
1 |
|
|a Mazag, Ján
|4 aut
|9 725259
|
| 245 |
1 |
0 |
|a Dienogest - gestagén s antiandrogénnym účinkom
|c Ján Mazag
|
| 246 |
1 |
1 |
|a Dienogest - gestagen with antiandrogenic effect
|
| 300 |
|
|
|b Obr., tab.
|
| 504 |
|
|
|a Res. angl., slov.
|
| 504 |
|
|
|a Bibliogr. odkazy
|
| 650 |
0 |
7 |
|a gestagény
|2 snkbucl
|9 15720
|
| 650 |
0 |
7 |
|a dienogest
|2 snkbucl
|9 22269
|
| 650 |
0 |
7 |
|a antikoncepcia
|2 snkbucl
|9 2485
|
| 650 |
0 |
7 |
|a kontraceptíva
|2 snkbucl
|9 15119
|
| 650 |
0 |
7 |
|a Jeanine (liek)
|2 snkbucl
|9 1429712
|
| 650 |
0 |
7 |
|a Valette (liek)
|2 snkbucl
|9 1446848
|
| 655 |
|
7 |
|a články z novín a časopisov
|2 snkbucl
|9 267496
|
| 773 |
0 |
|
|t Praktická gynekológia
|g Roč. 8, č. 3 (2001), s. 115-118
|x 1335-4221
|
| 850 |
|
|
|a Slovenská národná knižnica
|
| 852 |
|
|
|a Slovenská národná knižnica
|
| 954 |
|
|
|a odborná, vedecká literatúra pôvodná (slovenská)
|2 lita
|
| 958 |
|
|
|a article27
|
| 958 |
|
|
|a MI
|
| 958 |
|
|
|a NB
|
| 958 |
|
|
|a OND
|
| 958 |
|
|
|a EUIPO
|
| 999 |
|
|
|c 2898511
|d 2900441
|